[Event "GER-chT Christmas U16 Lasker"]
[Site "Playchess.com INT"]
[Date "2020.12.28"]
[Round "1.2"]
[White "Bergeret Busse, Julian"]
[Black "Zeltner, Richard"]
[Result "1/2-1/2"]
[WhiteElo "1465"]
[BlackElo "1599"]
[PlyCount "126"]
[EventDate "2020.12.28"]
[EventType "team-swiss (blitz)"]
[EventRounds "7"]
[EventCountry "GER"]
[SourceTitle "CBM 200 Extra"]
[Source "ChessBase"]
[SourceDate "2021.03.31"]
[SourceVersion "1"]
[SourceVersionDate "2021.03.31"]
[SourceQuality "1"]
[WhiteTeam "Muenster II"]
[BlackTeam "Erlangen"]
[WhiteTeamCountry "GER"]
[BlackTeamCountry "GER"]

1. e4 g6 2. d4 Bg7 3. c4 d6 4. Nc3 Nc6 5. Nf3 e5 6. d5 Nce7 7. Be3 f5 8. Bd3 Nf6 9. Qc2 f4 10. Bd2 0-0 11. 0-0-0 Bd7 12. h3 a5 13. g3 fxg3 14. fxg3 Nfxd5 15. Nxd5 Nxd5 16. Nxe5 Bxe5 17. exd5 Bxg3 18. Rdg1 Be5 19. Bxg6 Kh8 20. Bxh7 Qf6 21. Bg5 Bf4+ 22. Bxf4 Qxf4+ 23. Kd1 Qf3+ 24. Kc1 Qf4+ 25. Kb1 Bf5 26. Bxf5 Qxf5 27. h4 Qxc2+ 28. Kxc2 Rf2+ 29. Kc3 Raf8 30. Rg3 Kh7 31. a3 Kh6 32. h5 R8f3+ 33. Rxf3 Rxf3+ 34. Kd4 Rf4+ 35. Kd3 Rf3+ 36. Kc2 Rf5 37. b4 a4 38. Kc3 Rf3+ 39. Kb2 Rb3+ 40. Ka2 Rc3 41. Rh4 Kg5 42. h6 Kxh4 43. h7 Kg4 44. h8Q Rxc4 45. Qc8+ Kf4 46. Qxb7 Ke3 47. Qb5 Kd4 48. Qxa4 Kxd5 49. Qb3 Kd4 50. Kb2 d5 51. Qd1+ Ke4 52. b5 d4 53. Qe2+ Kd5 54. Kb3 Rc3+ 55. Kb4 c5+ 56. Ka4 Rc4+ 57. Qxc4+ Kxc4 58. b6 d3 59. b7 d2 60. b8Q d1Q+ 61. Ka5 Qd2+ 62. Ka6 Qc3 63. Qb5+ Kd4 1/2-1/2